书目信息 |
| 题名: |
新媒介艺术
|
|
| 作者: | 张朝晖 , 徐翎 著 | |
| 分册: | ||
| 出版信息: | 北京 人民美术出版社 2004 |
|
| 页数: | 71页 | |
| 开本: | 21cm | |
| 丛书名: | 西方后现代艺术流派书系 | |
| 单 册: | ||
| 中图分类: | J05 | |
| 科图分类: | ||
| 主题词: | 后现代主义--艺术评论--西方国家--20世纪 , 后现代主义--艺术--鉴赏--西方国家--20世纪 | |
| 电子资源: | ||
| ISBN: | 7-102-02801-6 | |
| 000 | 00935oam2 2200277 45 | |
| 001 | 002732854 | |
| 005 | 20050224082646.1 | |
| 010 | @a7-102-02801-6@dCNY26.00 | |
| 100 | @a20041008d2004 em y0chiy0110 ea | |
| 101 | 0 | @achi |
| 102 | @aCN@b110000 | |
| 105 | @aa z 000yy | |
| 200 | 1 | @a新媒介艺术@Axin mei jie yi shu@f张朝晖,徐翎著@FZhang Zhao Hui,Xu Ling Zhu |
| 210 | @a北京@c人民美术出版社@d2004 | |
| 215 | @a71页@c图@d21cm | |
| 225 | 2 | @a西方后现代艺术流派书系@f翟墨主编 |
| 330 | @a本书阐述了新媒体艺术的渊源、新媒体艺术的当代背景、新媒体艺术语言的生成、视频艺术以及数字化艺术五部分内容。 | |
| 410 | @12001 @a西方后现代艺术流派书系 | |
| 410 | @1700 0@a翟墨@AZhai Mo@4主编 | |
| 606 | 0 | @a后现代主义@x艺术评论@y西方国家@z20世纪 |
| 606 | 0 | @a后现代主义@x艺术@x鉴赏@y西方国家@z20世纪 |
| 690 | @aJ05@v4 | |
| 701 | 0 | @a张朝晖@4著 |
| 701 | 0 | @a徐翎@4著 |
| 801 | 0 | @aCN@bNLC@c20041026 |
| 905 | @b343268-271@dJ05@e117@f4 | |
| 新媒介艺术/张朝晖,徐翎著.-北京:人民美术出版社,2004 |
| 71页:图;21cm.-(西方后现代艺术流派书系/翟墨主编) |
| ISBN 7-102-02801-6:CNY26.00 |
| 本书阐述了新媒体艺术的渊源、新媒体艺术的当代背景、新媒体艺术语言的生成、视频艺术以及数字化艺术五部分内容。 |
| ● |
| 相关链接 |
|
|
|
|
正题名:新媒介艺术
索取号:J05/117
 
预约/预借
| 序号 | 登录号 | 条形码 | 馆藏地/架位号 | 状态 | 备注 |
| 1 | 0343268 | 203432687 | 第一样本阅览室/ [索取号:J05/117] | 在馆 | |
| 2 | 0343269 | 203432696 | 第一借阅区/ [索取号:J05/117] | 在馆 | |
| 3 | 0343270 | 203432703 | 第一借阅区/ [索取号:J05/117] | 在馆 | |
| 4 | 0343271 | 203432712 | 第一借阅区/ [索取号:J05/117] | 在馆 |